| Tag |
First Indicator |
Second Indicator |
Subfields |
| LEADER |
00000cam a2200000 a 4500 |
| 001 |
in00000763321 |
| 005 |
20151017052536.0 |
| 008 |
881031s1989 nyua b 00110 eng |
| 010 |
|
|
|a 87090933
|
| 020 |
|
|
|a 0070216231
|
| 035 |
|
|
|a (OCoLC)18678976
|
| 035 |
|
|
|9 ADL0743AM
|
| 040 |
|
|
|a DLC
|c DLC
|d TXA
|d UtOrBLW
|
| 049 |
|
|
|a TXAM
|c [A11804202]
|
| 050 |
0 |
0 |
|a TK5105.7
|b .F67 1989
|
| 082 |
0 |
|
|a 621.398/1
|2 19
|
| 100 |
1 |
|
|a Fortier, Paul J.
|
| 245 |
1 |
0 |
|a Handbook of LAN technology /
|c Paul J. Fortier.
|
| 264 |
|
1 |
|a New York, NY :
|b Intertext Publications :
|b McGraw Hill,
|c [1989]
|
| 264 |
|
4 |
|c ©1989
|
| 300 |
|
|
|a xxiv, 551 pages :
|b illustrations ;
|c 24 cm.
|
| 336 |
|
|
|a text
|b txt
|2 rdacontent
|
| 337 |
|
|
|a unmediated
|b n
|2 rdamedia
|
| 338 |
|
|
|a volume
|b nc
|2 rdacarrier
|
| 504 |
|
|
|a Bibliography: pages 515-542.
|
| 500 |
|
|
|a Includes index.
|
| 650 |
|
0 |
|a Local area networks (Computer networks)
|
| 999 |
|
|
|a MARS
|
| 999 |
f |
f |
|s 046cf2e7-c43a-354a-b1aa-2ac5b80ed06b
|i 5368b989-853f-3056-abd3-6d0de36fa619
|t 0
|
| 952 |
f |
f |
|p ric
|a Texas A&M University
|b Rellis Campus
|c Joint Library Facility
|d Remote Storage
|t 0
|e TK5105.7 .F67 1989
|h Library of Congress classification
|i unmediated -- volume
|m A14811804202
|
| 998 |
f |
f |
|a TK5105.7 .F67 1989
|t 0
|l Remote Storage
|